Countries of the World- Languages - Statistics

General Stats
  • This quiz has been taken 16 times
    9 since last reset
  • The average score is 78 of 196
Answer Stats
Hint Answer % Correct
Armenian Armenia
100%
Hungarian Hungary
100%
Lithuanian Lithuania
100%
Romanian Romania
100%
Albanian Albania
78%
Azerbaijani Azerbaijan
78%
Belarusian, Russian Belarus
78%
Bosnian, Croatian, Serbian Bosnia and Herzegovina
78%
Bulgarian Bulgaria
78%
Chilean Spanish Chile
78%
Croatian Croatia
78%
Estonian Estonia
78%
English, Swazi Eswatini
78%
Georgian Georgia
78%
Greek Greece
78%
Persian Iran
78%
Hebrew Israel
78%
Japanese Japan
78%
Kazakh, Russia Kazakhstan
78%
Kyrgyz, Russian Kyrgyzstan
78%
Montenegrin Montenegro
78%
Arabic, Berber Morocco
78%
Nepali Nepal
78%
Korean North Korea
78%
Macedonian, Albanian North Macedonia
78%
Norwegian Norway
78%
Peruvian Spanish, Quechua, Aymara, Asháninka Peru
78%
Russian Russia
78%
English, Samoan Samoa
78%
Serbian Serbia
78%
Korean, Korean Sign Language South Korea
78%
Swedish Sweden
78%
Mandarin Chinese Taiwan
78%
Turkish Turkey
78%
Turkmen Turkmenistan
78%
Tuvaluan, English Tuvalu
78%
Ukrainian Ukraine
78%
Uzbek Uzbekistan
78%
Spanish, Venezuelan Sign Language Venezuela
78%
Vietnamese Vietnam
78%
Catalan Andorra
67%
German Austria
67%
Khmer Cambodia
67%
Czech, Slovak Czech Republic
67%
Danish Denmark
67%
English, Fijian, Fiji Hindi Fiji
67%
Hindi, English India
67%
Indonesian Indonesia
67%
Irish, English Ireland
67%
English, Kiribati Kiribati
67%
English, Sotho Lesotho
67%
English, Maltese Malta
67%
Mongolian Mongolia
67%
Burmese Myanmar
67%
English, Nauruan Nauru
67%
Dutch Netherlands
67%
English, Maori, New Zealand Sign Language New Zealand
67%
English, Palauan Palau
67%
English, Hiri Motu, Papua New Guinea Sign Language, Tok Pisin Papua New Guinea
67%
Polish Poland
67%
Portuguese Portugal
67%
Slovak Slovakia
67%
Slovene Slovenia
67%
Somali, Arabic Somalia
67%
Afrikaans, English, Southern Ndebele, Sotho +7 South Africa
67%
French, German, Italian, Romansh Switzerland
67%
Tajik Tajikistan
67%
English, Tongan Tonga
67%
Italian Vatican City
67%
Bengali Bangladesh
56%
Dutch, French, German Belgium
56%
Standard Chinese China
56%
Greek, Turkish Cyprus
56%
Finnish, Swedish Finland
56%
French, Haitian Creole Haiti
56%
Icelandic, Icelandic Sign Language Iceland
56%
Arabic, Kurdish Iraq
56%
Italian Italy
56%
Lao Laos
56%
Latvian Latvia
56%
French, German, Luxembourgish Luxembourg
56%
Malay Malaysia
56%
English, Marshallese Marshall Islands
56%
English, Mauritian Creole (Morisien) Mauritius
56%
Filipino, English Philippines
56%
Italian San Marino
56%
Arabic Saudi Arabia
56%
Sinhala, Tamil Sri Lanka
56%
Thai Thailand
56%
Spanish, Uruguayan Sign Language Uruguay
56%
Dari, Pashto Afghanistan
44%
Arabic, Berber Algeria
44%
Arabic, French Chad
44%
Albanian, Serbian Kosovo
44%
German Liechtenstein
44%
French, Malagasy Madagascar
44%
Romanian Moldova
44%
Urdu, English Pakistan
44%
English, French, Seychellois Creole Seychelles
44%
English, Malay, Mandarin Chinese, Tamil Singapore
44%
Dutch Suriname
44%
Dzongkha Bhutan
33%
Malay Brunei
33%
English, French Canada
33%
Arabic, Comorian, French Comoros
33%
Afar, Amharic, Oromo, Somali, Tigrinya Ethiopia
33%
French France
33%
English, Swahili Kenya
33%
Spanish, Guarani Paraguay
33%
English, French, Kinyarwanda, Swahili Rwanda
33%
Swahili, English Tanzania
33%
English, Swahili Uganda
33%
Arabic United Arab Emirates
33%
English United Kingdom
33%
English, French, Bislama Vanuatu
33%
Aymara, Araona, Baure, Bésiro +33 Bolivia
22%
Portuguese Brazil
22%
French, Kirundi, English Burundi
22%
French, Sango Central African Republic
22%
Spanish Dominican Republic
22%
Portuguese, Tetum East Timor
22%
Spanish, Quechua Ecuador
22%
French, Portuguese, Spanish Equatorial Guinea
22%
Tigrinya Eritrea
22%
German Germany
22%
English, Chichewa Malawi
22%
Dhivehi Maldives
22%
Bobo, Bozo, Dogon, Fula +9 Mali
22%
Spanish Spain
22%
Arabic, English Sudan
22%
Chewa, Chibarwe, English, Kalanga Zimbabwe
22%
Portuguese Angola
11%
Spanish Argentina
11%
Portuguese Cape Verde
11%
Spanish Colombia
11%
Spanish Costa Rica
11%
Spanish Cuba
11%
Arabic, French Djibouti
11%
Spanish El Salvador
11%
Spanish Guatemala
11%
Portuguese Guinea Bissau
11%
Arabic Lebanon
11%
Spanish Mexico
11%
Portuguese Mozambique
11%
Spanish Nicaragua
11%
Spanish Panama
11%
Arabic Qatar
11%
French Republic of the Congo
11%
Portuguese São Tomé and Principé
11%
Arabic Syria
11%
Arabic Tunisia
11%
English United States
11%
English Antigua and Barbuda
0%
English Australia
0%
English Bahamas
0%
Arabic Bahrain
0%
English Barbados
0%
English Belize
0%
French Benin
0%
English Botswana
0%
French Burkina Faso
0%
English, French Cameroon
0%
French Democratic Republic of the Congo
0%
English Ghana
0%
English Dominica
0%
Arabic Egypt
0%
English Federated States of Micronesia
0%
French Gabon
0%
English Gambia
0%
English Grenada
0%
French Guinea
0%
English Guyana
0%
Spanish Honduras
0%
French Ivory Coast
0%
English Jamaica
0%
Arabic Jordan
0%
Standard Arabic Kuwait
0%
English Liberia
0%
Arabic Libya
0%
Arabic Mauritania
0%
French Monaco
0%
English Namibia
0%
French Niger
0%
English Nigeria
0%
Arabic Oman
0%
English Saint Kitts and Nevis
0%
English Saint Lucia
0%
English Saint Vincent and the Grenadines
0%
French Senegal
0%
English Sierra Leone
0%
English Solomon Islands
0%
English South Sudan
0%
French Togo
0%
English Trinidad and Tobago
0%
Arabic Yemen
0%
English Zambia
0%
No matching quizzes found
Score Distribution
Percent of People with Each Score
Percentile by Number Answered
Your Score History
You have not taken this quiz since the last reset